Music Quiz

Random Music or Artist Quiz

Drum & Bass Artists Quiz Stats

 Plays Quiz not verified by Sporcle

Score 0/31 Timer 02:00
0 Plays Today
Songs Band/ Producer % Correct
Hold Your Colour, WitchcraftPendulum
86.4%
Louder, Gold DustDj Fresh
78.9%
Splash, Rock ItSub Focus
74%
Smash TV, Hypest HypeChase & Status
67.2%
Aztec, PacificaSpor
63.8%
Iron Heart, SmileNetsky
62.6%
Stigma, Machine GunNoisia
60.4%
Racing Green, Days Go ByHigh Contrast
58.5%
Paint It Black, BaltimoreSigma
49.8%
Breezeblock, Feel Your PulseCamo & Krooked
49.4%
Metropolis, CirclesAdam F
44.9%
The Nine, Planet DustBad Company UK
44.5%
Timeless, State Of MindGoldie
43.8%
Pacman, ChubrubEd Rush & Optical
43.4%
Total Recall, Twist 'Em OutDillinja
42.6%
Feelings, Shake Ur BodyShy FX
41.5%
Songs Band/ Producer % Correct
Crucify Me, PolygonShockOne
38.5%
Tonight, MoonwalkerDanny Byrd
36.2%
Paperchase, The Big BlueBrookes Brothers
35.1%
Remember, Link To The PastLoadstar
34.3%
Number One, Bright LightsDie
29.4%
Hurt Less, The Perfect HighThe Qemists
27.9%
Breathless, CascadeThe Prototypes
27.2%
Just One Second, Yikes!London Elektricity
25.7%
The Truth Hurts, Voice Of The MysteronsRollz
23.8%
Cape Fear, OverdriveDrumsound & Bassline Smith
23%
Freefall, MercenarySwitch Fusion
21.1%
The Trip, KaleidoscopeLogistics
21.1%
In Pieces, Crazy WorldJ Majik & Wickaman
14%
System, Set Me FreeNu:Tone
14%
Obey, Brighter DayCyantific
3.4%

You're not logged in!

Compare scores with friends on all Sporcle quizzes.
OR
Log In

Show Comments

Extras

Top Quizzes Today


Score Distribution

Your Account Isn't Verified!

In order to create a playlist on Sporcle, you need to verify the email address you used during registration. Go to your Sporcle Settings to finish the process.

Report this User

Report this user for behavior that violates our Community Guidelines.

Details: